Statistics for One-Syllable Human Body Parts - One Minute Sprint

Click here to take the quiz!

General Stats

  • This quiz has been taken 64 times
  • The average score is 20 of 64

Answer Stats

Answer% Correct
Eye
90%
Toe
86%
Ear
84%
Arm
82%
Hand
75%
Leg
75%
Nose
75%
Foot
69%
Head
69%
Heart
67%
Knee
63%
Hair
57%
Neck
53%
Mouth
45%
Tongue
45%
Chin
41%
Lip
41%
Lung
41%
Nail
39%
Skin
39%
Back
35%
Chest
35%
Tooth
33%
Wrist
33%
Bone
31%
Cheek
31%
Hip
31%
Jaw
31%
Thumb
31%
Rib
29%
Brain
27%
Face
25%
Thigh
25%
Throat
25%
Breast
24%
Spine
24%
Brow
22%
Shin
22%
Calf
20%
Heel
18%
Sole
18%
Gum
16%
Skull
16%
Vein
16%
Waist
16%
Arch
10%
Nape
10%
Palm
10%
Spleen
10%
Joint
8%
Womb
8%
Cell
6%
Nerve
6%
Groin
4%
Pore
4%
Gland
2%
Jowl
2%
Limb
2%
Node
2%
Pate
2%
Pons
2%
Scalp
2%
Disk
0%
Lens
0%

Score Distribution

Percentile by Number Answered

Percent of People with Each Score

Your Score History

You have not taken this quiz